Culture Générale - Série 1275 - Statistiques

Statistiques générales
  • Ce quiz a été pris 86 fois
  • Le résultat moyen est 5 sur 10
Statistiques - réponses
Question Réponse % Correct
Quelle petite vignette colle-t-on sur une lettre afin de l'affranchir ? timbre
87%
Dans quelle ville polonaise est né le géologue Haroun Tazieff ? Varsovie
75%
Quelle ancienne capitale des Nabatéens, aujourd'hui site archéologique réputé de Jordanie, a un nom qui signifie "la roche" en grec ? Pétra
71%
En 1860, quel républicain antiesclavagiste est élu à la présidence des États-Unis, ce qui déclenche la Sécession du Sud ? Abraham Lincoln
64%
Le malinois est un chien également appelé berger ... belge
59%
Quel était le prénom du théologien réformateur français Calvin ? Jean
51%
Dans la version originale des films de la saga "Shrek", quel acteur américain prête sa voix à l'âne ? Eddie Murphy
43%
Quel écrivain français, dont les initiales sont "R R" est l'auteur des romans "Le Diable au corps" et "Le Bal du comte d'Orgel" ? Raymond Radiguet
32%
Quel paquebot français a chaviré à la suite d'un incendie dans le port de New York le 9 février 1942 ? Normandie
25%
D'après la légende, de quelle ville grecque Oedipe est-il un roi légendaire ? Thèbes
23%
Aucun quiz correspondant
Distribution des résultats
% des personnes avec chaque résultat
Percentile par nombre de réponses
Votre historique - résultats
Vous n’avez pas pris ce quiz